000 00472nam a2200181Ia 4500
008 230917s9999||||xx |||||||||||||| ||und||
020 _cGBP 42.99 (RS 4392.72)
040 _e5003107
_aMAIN
041 _aEnglish
082 _a338.4791 D859C(3)
100 _aDu Cros, Hilary
245 0 _aCultural tourism
250 _a3rd ed.
260 _aOxon
_bRoutledge
_c2020
300 _axv, 321 p.
500 _a4502 25/01/2022 IPD22/1003 25/01/2022 Main Budget
942 _cBK
999 _c5219
_d5219